Zhodnotenie výrobných procesov vo vybranom podniku diplomová práca

Uložené v:
Podrobná bibliografia
Hlavný autor: Falatková, Miroslava
Korporativný autor: Podnikovohospodárska fakulta EU so sídlom v Košiciach. Katedra manažmentu
Ďalší autori: Bosák, Martin, 1967-
Médium: Kniha
Jazyk:Slovak
Vydavateľské údaje: Košice 2019
Tagy: Pridať tag
Žiadne tagy, Buďte prvý, kto otaguje tento záznam!

MARC

LEADER 00000nbm a2200000 4500
001 0254792
005 20190913135403.7
041 0 |a slo 
044 |a SK 
245 1 0 |a Zhodnotenie výrobných procesov vo vybranom podniku  |b diplomová práca  |c Miroslava Falatková ; školiteľ: Martin Bosák 
264 1 |a Košice  |c 2019 
300 |a 70 s. 
100 1 |a Falatková, Miroslava 
700 1 |a Bosák, Martin, 1967- 
710 2 |a Podnikovohospodárska fakulta EU so sídlom v Košiciach. Katedra manažmentu